000
00205 a2200097 4500
001
53407
100
_a
Innes Hammond,
245
_a
Solomons Seal
260
_a
_b
William Collins
_c
090
_c
33653
_d
33653
942
_a
NUST-CAE
_c
M
_c
26284
999
_c
288480
_d
288480